000
00320nam a2200133Ia 4500
008
240624s9999 xx 000 0 und d
041
_a
eng
082
_a
823 SIN
100
_a
SINGH KHUSHWANT
245
_a
DELHI A NOVEL
260
_c
1990
_a
New Delhi
_b
Penguin Books
300
_a
391 : p. : cm. ; 19
365
_c
RS
_b
30
999
_c
13647
_d
13647